Quizzes
Events
Quiz Creation
Community
Videos
Private Events
Remove Ads
Sign In
Join for FREE
Feedback
Dark Mode
Quiz Categories
Sports
Geography
Music
Movies
Television
Just For Fun
Miscellaneous
History
Literature
Language
Science
Gaming
Entertainment
Religion
Holiday
For Kids
Quiz Lab
Recent
Popular Today
Quiz Kudos Today
Editor Picks
Curator Picks
Quizzes by...
Day
Popularity
Type
Ratings
Length
Year
Community
Subscriptions
Recent Discussions
Orange Saloon
Badges
Playlists
Quests
Create
Leaderboards
Showdown
Live 5
Trivia Bingo
Activity
Puzzle Library
Sporcle Events
Private Events
Virtual Trivia
Globe League
Become a Host
Pub Owners
SporcleCon
Opinionation
Our Games
Videos
Blog
Mobile Apps
Partnerships
Remove Ads and Go Orange
Feedback
Television
TV Characters
TV Show
Sitcom
Network
Friends
Reality Shows
Cast
South Park
Star Trek
The Simpsons
Doctor Who
Television
TV Characters
TV Show
Sitcom
Network
Friends
Reality Shows
Cast
South Park
Star Trek
The Simpsons
Doctor Who
Random Quiz
Search Sporcle
×
Quiz Lab
Quiz Lab
Television
Show
Type in answers that appear in a list
Type in answers that appear in a list
Classic
Best Score? Go Orange.
Nickelodeon Or Cartoon Network? Stats
Can you name the Nickelodeon Or Cartoon Network?
By
yankeesgiants25
5m
50 Questions
6,194 Plays
6,194 Plays
6,194 Plays
Comments
Comments
Give Quiz Kudos
Give Quiz Kudos
-
- Ratings
hide this ad
Forced Order
Answers have to be entered in order
Answers have to be entered in order
Minefield
Wrong answers will end the quiz
Wrong answers will end the quiz
Wrong Answers
Some wrong answers will appear in red
Some wrong answers will appear in red
Random Order
Randomize order of answers
Randomize order of answers
Replay
Link that replays current quiz
Next Quiz
Link to next quiz in quiz playlist
You Got
0%
They Got
Avg Score
23%
Avg Friend Score
Upgrade to see
Score Distribution
Jump to the score distribution portion of the page
Score
0/50
Timer
05:00
0
Plays Today
Show
Type N or CN
% Correct
Zoey 101
???
26.8%
The Powerpuff Girls
???
26.8%
Drake And Josh
???
26.3%
The Fairly Oddparents
???
26%
Spongebob Squarepants
???
25.9%
Victorious
???
25.8%
Rugrats
???
25.7%
The Grim Adventures Of Billy And Mandy
???
25.5%
Foster's Home For Imaginary Friends
???
25.4%
Scooby-
Doo, Where Are You?
???
25.4%
Hey Arnold!
???
25.3%
The Penguins Of Madagascar
???
25.3%
Dexter's Laboratory
???
25.2%
Big Time Rush
???
25.2%
Ed, Edd n Eddy
???
25%
Tom & Jerry
???
25%
Ned's Declassified School Survival Guide
???
24.9%
Courage The Cowardly Dog
???
24.7%
Adventure Time
???
24.7%
The Adventures Of Jimmy Neutron: Boy Genius
???
24.7%
Ben 10
???
24.6%
Avatar: The Last Airbender
???
24.5%
Johnny Bravo
???
24.5%
Max And Ruby
???
24.3%
Teen Titans
???
24.3%
Show
Type N or CN
% Correct
Codename: Kids Next Door
???
24.2%
The Wild Thornberrys
???
24.1%
Planet Sheen
???
24%
Chowder
???
23.9%
Johnny Test
???
23.9%
Back At The Barnyard
???
23.7%
Camp Lazlo
???
23.7%
Samurai Jack
???
23.5%
Cow And Chicken
???
23.3%
Danny Phantom
???
23.2%
The Marvelous Misadventures Of Flapjack
???
22.8%
My Gym Partner's A Monkey
???
22.6%
House Of Anubis
???
22.1%
The Legend Of Korra
???
21.9%
Just Jordan
???
21.8%
Supah Ninjas
???
20.9%
BrainSurge
???
20.4%
I Am Weasel
???
19.9%
The Troop
???
19.8%
Catscratch
???
19.8%
Bucket And Skinner's Epic Adventures
???
19.1%
Dude, What Would Happen
???
17.8%
Sheep In The Big City
???
17.7%
The Othersiders
???
13.6%
BrainRush
???
10.9%
Quiz Playlist
Details
Report
Send in Message
Add To Playlist
Classic:
Type in answers that appear in a list
Forced Order:
Answers have to be entered in order
Minefield:
Wrong answers will end the quiz
Wrong Answers:
Some wrong answers will appear in red
Random Order:
Randomize order of answers
Quiz Source
Last Updated: Aug 9, 2017
Quiz Scoreboard
CHALLENGE
Sign Up to Join the Scoreboard
Show All
Scores
Hide
Comments
May contain spoilers
Recently Published
College Basketball Coaching Resumes
by pancakes188
Sports
9m
Billboard Blitz: Fleetwood Mac
by CooCooCachoo
Music
15s
Presidents Visiting Landmarks
by Hejman
History
7m
More to Explore
Quiz From the Vault
Featured Blog Post
Where Did the Easter Bunny Come From?
hide this ad
You Might Also Like...
Tags
Cartoons Quiz
Network Quiz
Show Quiz
Nickelodeon
Today's Top Quizzes in Television
Browse Television
hide this ad
Today's Top Quizzes in Show
Browse Show
Top Contributed Quizzes in Television
1
5-to-1: The Simpsons Families
2
5-to-1: Television Doctors
3
7-to-1: TV Show Settings
4
5-to-1: Streaming Originals
5
One Piece Logic Puzzle
6
Survivor Seasons
7
Survivor Logic Puzzle: Heroes vs. Villains
8
All US Survivor Seasons in Order
9
TV Shows by First Names
10
Survivor Season by Logo
Explore More
Trending Topics
NBA
Disney
Crossword
Kpop
Anime
Harry Potter
Marvel
WWE
Song
The Office
Pokémon
Country
Puzzle
Soccer
NFL
hide this ad
More By:
yankeesgiants25
Quiz
Plays
Rating
Category
Featured
Created
WWE Chain Game 2
29,297
1.70
Sports
Jan 19, 2013
Nickelodeon Or Cartoon Network?
6,194
3.27
Television
Jun 13, 2012
WWE Top 25 Matches Of 2012
4,571
4.12
Sports
Dec 27, 2012
Pro Wrestling Top 50 Wrestlers of All Time
2,961
3.67
Sports
Jan 9, 2013
MLB 10 Most Valuable Baseball Cards Ever
2,360
3.14
Sports
May 27, 2012
Go to Creator's Profile
Score Distribution
Quiz Creator Spotlight
yankeesgiants25
Follow
Send a Message
Quizzes Created
-
Created Quiz Play Count
-
More By This Creator
Popular Quizzes Today
1
Find the US States - No Outlines Minefield
2
Find the Countries of Europe - No Outlines Minefield
3
The Countries of the World
4
Find the US States
5
Risky Map Clicking: Biggest States A-Z
6
US States
7
Popular People in 1961
8
Movies - When Are They Set?
More Television Quizzes
12 TV Shows 12 States 2 Minutes Blitz
Curator's Pick
Trending Quizzes
Risky Map Clicking: Least Populous States A-Z
1-10 Letter G Words
1-10 Letter F Words
Risky Map Clicking: Next State Alphabetically
Click the Washington State Counties! (Map)
Recently Updated
Leaping Animals
pecheneg
Reality TV Shows (A-Z)
bhenderson79
Rickey Henderson's Hall of Fame Teammates
pecheneg
Champions League XIs: Arsenal
pecheneg
Quick Pick: Celebrities in WWE's Hall of Fame
aduchscher
A-Z Keypad Blitz II
pecheneg
Multiple Oscar Actors
pecheneg
Mystery Phrase Blitz: Oscar 'Best Actors'
pecheneg
F. Scott Fitzgerald Novels
LTH
Pick 3 Villains
ddd62291
Trending Topics
Kpop
NBA
Crossword
Harry Potter
Marvel
Anime
Disney
WWE
The Office
Soccer
Pokémon
NFL
Country
Puzzle
Song
Your Account Isn't Verified!
In order to create a playlist on Sporcle, you need to verify the email address you used during registration. Go to your
Sporcle Settings
to finish the process.
Report this User
Report this user for behavior that violates our
Community Guidelines
.
Details:
Send Report
Go to the Sporcle.com Mobile Site →
Comments